00801cam a2200229 a 4500999001500000001000600015003000900021005001700030008004100047020001900088020001500107040003800122082001700160100002000177245009000197260004100287300004100328504005100369650002500420942001200445952011400457 c3393d339310848BD-DhUAP20200304165311.0200301s1998 bg abf b f000 0 eng  a9780143029892  a0143029894 aBD-DhUAPcBD-DhUAPdBD-DhUAPbEng a954 THA223 aThapar, Romila. aThe Penguin history of early India : bfrom the origins to A.D.1300 /cRomila Thapar. aNew Delhi : bPenguin Books,cc2015. a555 pages :billustrations ;c20 cm. aIncludes bibliographical references and index. aCivilizationzIndia. 2ddccBK 00102ddc4070aUAPCLbUAPCLcGeneral Stacksd2020-03-04o954 THAp3010010848r2020-03-04t1w2020-03-04yBK